U.S. States with the Most Snow Days - Statistics

General Stats
  • This quiz has been taken 96 times
  • The average score is 8 of 10
Answer Stats
Avg. Snow Days State % Correct
144.79 Alaska
95%
73.06 Michigan
92%
98.97 Maine
91%
98.44 Vermont
90%
77.79 Minnesota
86%
63.64 North Dakota
86%
57.64 Colorado
82%
76.88 Wisconsin
78%
95.28 New Hampshire
77%
63.07 Wyoming
70%
No matching quizzes found
Score Distribution
Percent of People with Each Score
Percentile by Number Answered
Your Score History
You have not taken this quiz